1113 1576 1605 1817 1534 1758 1620 1523 1013 1863 1703 1779 1997 1639 1584 1987 1700 1401 1372 1444 1759 1180 1842 1316 1290 1584 1302 1833 1966 1880 1775 1246 1429 1779 1867 1707 1425 1004 1590 1121 1499 1875 1068 1099 1180 1582 1846 1429 1477 1075 1431 1970 1669 1122 1295 1140 1949 1595 1723 1049 1674 1858 1461 1794 1495 1282 1651 1783 1225 1578 1147 1314 1734 1112 1605 1359 1795 1798 1505 1194 1461 1927 1728 1431 1614 1473 1728 1859 1698 1918 1133 1581 1494 1184 1971 1999 1855 1543 1635 BCNSPRNW ULIB Ver.6.0+V

เปลี่ยนเป็นภาษาไทย

Change to English
 แสดงรายละเอียดบรรณานุกรม
  กลับหน้าหลัก

Brief Record : Get Marc (ISO 2709) : E-mail record : QR code < ปิดหน้าต่าง
LEADER : 00000nam a2200000Ia 4500
001    13399114566
003     ULIB
008    120220s2554 th a 000 0 tha d
050  4 ^aBQ942.B6^bญ241
245 00 ^aญาณสัมปันนธัมมานุสรณ์ :^cวัดป่าบ้านตาด /^c[คณะผู้จัดทำหนังสือ, พระอาจารย์ สุดใจ ทันตมโน]
260    ^aอุดรธานี :^bวัดป่าบ้านตาด,^c2554
300    ^a913, [17] หน้า :^bภาพประกอบ ;^c30 ซม.
500    ^aอนุสรณ์เนื่องในงานพระราชทานเพลิงถวายแด่พระสรีระสังขารพระธรรมวิสุทธิมงคล (หลวงตาพระมหาบัว ญาณสัมปันโน) ณเมรุชั่วคราว วัดเกษรศีลคุณ(วัดป่าบ้านตาด ตำบลบ้านตาด อำเภอเมือง จังหวัดอุดรธานี วันเสาร์ที่ 5 มีนาคม พุทธศักราช 2554 ตรงกับวันขึ้น 1 ค่ำ เดือน 4 ปีขาล เวลา 17 นาฬิกา
600 04 ^aพระธรรมวิสุทธิมงคล (บัว ญาณสมฺปนฺโน),^d2456-2554
600 04 ^aจอมจักร จันทรสกุล,^d2480-
650  4 ^aธรรมะ
700 0  ^aพระธรรมวิสุทธิมงคล (บัว ญาณสมฺปนฺโน),^d2456-2554
700 0  ^aพระอาจารย์ สุดใจ ทันตมโน
945    ^p0^l0^i031648
995    ^a เกษร
999 ^a ใช้งานได้ทุกระบบ
รายการนี้ยังไม่มีแท็ก
คุณยังไม่ได้ล็อกอิน คุณสามารถมีกิจกรรมร่วมกับเว็บไซต์ได้ แต่ต้องล็อกอินก่อน ::
  ล็อกอิน

รายการสื่อสารสนเทศ

ลำดับที่ ประเภท เลขเรียก/บาร์โค้ด สถานที่ สถานะ
- ไม่พบข้อมูล -

รายการใกล้เคียง
    หัวเรื่อง [ธรรมะ]

BibComment


ยังไม่เคยถูกคอมเมนท์

คอมเมนท์ทรัพยากรรายการนี้
  คอมเมนท์: ญาณสัมปันนธัมมาน..


 Copyright 2026. Bcnsprnw @Library